Statistics for Random North American Cities Map Quiz

Click here to take the quiz!

General Stats

  • This quiz has been taken 472 times
  • The average score is 15 of 20

Answers on the Map

Answers color-coded by a green-red scale on the quiz's map according to % correct below.
 

Answer Stats

Answer% Correct
Aguascalientes
100%
Atlanta
100%
Austin
100%
Belize City
100%
Boise
100%
Cancún
100%
Charlotte
100%
Charlottetown
100%
Cheyenne
100%
Chihuahua
100%
Ciudad Juárez
100%
Cleveland
100%
Columbus
100%
Culiacán
100%
Dallas
100%
Denver
100%
Detroit
100%
Edmonton
100%
Fredericton
100%
Fresno
100%
Guatemala City
100%
Halifax
100%
Harrisburg
100%
Hartford
100%
Houston
100%
Indianapolis
100%
Iqaluit
100%
Kansas City
100%
Kingston
100%
Las Vegas
100%
Little Rock
100%
Louisville
100%
Mérida
100%
Mexicali
100%
Mexico CIty
100%
Montreal
100%
Nashville
100%
Oklahoma City
100%
Olympia
100%
Omaha
100%
Phoenix
100%
Port-au-Prince
100%
Puerto Vallarta
100%
Reno
100%
Salt Lake City
100%
San Antonio
100%
San Diego
100%
San José
100%
San Jose, CA
100%
San Pedro Sula
100%
Savannah
100%
Tijuana
100%
Toledo
100%
Toronto
100%
Tucson
100%
Virginia Beach
100%
Whitehorse
100%
Winnipeg
100%
El Paso
86%
St George's
86%
Anchorage
83%
Minneapolis
83%
New Orleans
83%
Nuuk
83%
Ottawa
83%
Buffalo
80%
Chicago
80%
Los Angeles
80%
Memphis
80%
Panama City
80%
Portland, OR
80%
Regina
80%
San Salvador
80%
Tulsa
80%
Vancouver
80%
Acapulco
75%
Baltimore
75%
Basseterre
75%
Charleston, SC
75%
Charleston, WV
75%
Colorado Springs
75%
Jacksonville
75%
Kamloops
75%
Kelowna
75%
London
75%
Milwaukee
75%
Sacramento
75%
San Juan
75%
Santiago de Cuba
75%
Tallahassee
75%
Tegucigalpa
75%
Torreón
75%
Wichita
75%
Nassau
71%
Providenciales
71%
Albuquerque
67%
Billings
67%
Des Moines
67%
Fairbanks
67%
Greensboro
67%
Havana
67%
Miami
67%
New York
67%
Orlando
67%
Philadelphia
67%
Pittsburgh
67%
Portland, ME
67%
Puebla
67%
Quebec City
67%
San Luis Potosí
67%
Mobile
63%
Columbia
60%
Guadalajara
60%
Manchester
60%
Oaxaca
60%
Santo Domingo
60%
Fargo
57%
Albany
50%
Birmingham
50%
Boston
50%
Bridgetown
50%
Burlington
50%
Calgary
50%
Cincinnati
50%
Fort-de-France
50%
Hamilton, ON
50%
Juneau
50%
León
50%
Raleigh
50%
Roseau
50%
Saint-Pierre
50%
San Francisco
50%
Saskatoon
50%
Springfield
50%
St Louis
50%
Tampico
50%
Yellowknife
50%
St John's
43%
Kingstown
40%
Managua
40%
Providence
40%
St John's, NL
40%
Trenton
40%
Camaguey
33%
Grand Rapids
33%
Jackson
33%
Monterrey
33%
Sydney
33%
The Valley
33%
Thunder Bay
33%
Santiago de Querétaro
25%
Wilmington
22%
Pointe-a-Pitre
20%
Washington
20%
Castries
0%
Charlotte Amalie
0%
George Town
0%
Hamilton
0%
Hermosillo
0%
Kingston, ON
0%
La Paz
0%
Morelia
0%
Richmond
0%
Seattle
0%
Sioux Falls
0%
Tampa
0%
Victoria
0%

Score Distribution

Percentile by Number Answered

Percent of People with Each Score

Your Score History

You have not taken this quiz